LEADER 01011cam0 22002531 450 001 SOBE00029992 005 20130128110848.0 100 $a20130128f1981 |||||ita|0103 ba 101 $aita 102 $aIT 200 1 $a<>parole del fare": Austin, Olivecrona, Ross e la "fallacia performativa"$fdi Silvana Castignone 210 $a[Bologna]$cIl mulino$d[1981?] 215 $a440-458 p.$d21 cm 300 $aEstratto da: Materiali per una storia della cultura giuridic, anno XI, n. 2 (dic. 1981) 700 1$aCastignone$b, Silvana$3AF00008052$4070$0154833 801 0$aIT$bUNISOB$c20130128$gRICA 850 $aUNISOB 852 $aUNISOB$jFondo|Casavola|Opusc$m155551 912 $aSOBE00029992 940 $aM 102 Monografia moderna SBN 941 $aM 957 $aFondo|Casavola|Opusc$b002537$gSI$d155551$hCasavola$rdono$tN$1menle$2UNISOB$3UNISOB$420130128105149.0$520130128105237.0$6menle 996 $aParole del fare": Austin, Olivecrona, Ross e la "fallacia performativa"$91715917 997 $aUNISOB